banner koha

Spatial variability of leaf wetness duration in a 'Niagara Rosada' vineyard (Registro n. 235317)

MARC details
000 -LÍDER
campo de controle de tamanho fixo 00925nas a2200301 4500
001 - NÚMERO DE CONTROLE
campo de controle BR2014000962
003 - IDENTIFICADOR DO NÚMERO DE CONTROLE
campo de controle BR-BrBNA
005 - DATA E HORÁRIO DA ÚLTIMA TRANSAÇÃO
campo de controle 20231205123718.0
007 - CAMPO FIXO DE DESCRIÇÃO FÍSICA--INFORMAÇÃO GERAL
campo de controle de tamanho fixo ta
008 - CAMPO DE DADOS FIXOS--INFORMAÇÃO GERAL
campo de controle de tamanho fixo 230509b bl.|||p| |||| 00| 00por d
040 ## - FONTE DA CATALOGAÇÃO
Instituição da catalogação original BR-BrBNA
Idioma da catalogação por
Instituição que transcreveu o registro Biblioteca Nacional de Agricultura
041 ## - CÓDIGO DE IDIOMA
Código do idioma do texto/trilha sonora ou título diferente (En)
072 ## - CÓDIGO DE CATEGORIA DE ASSUNTO
Código de Categoria de Assunto F06; N20
100 1# - ENTRADA PRINCIPAL--NOME PESSOAL
Nome pessoal Lulu, J.
100 1# - ENTRADA PRINCIPAL--NOME PESSOAL
Nome pessoal Sentelhas, P.C.
100 1# - ENTRADA PRINCIPAL--NOME PESSOAL
Nome pessoal Pedro Júnior, M.J.
100 1# - ENTRADA PRINCIPAL--NOME PESSOAL
Nome pessoal Pezzopane, J.R.M.
100 1# - ENTRADA PRINCIPAL--NOME PESSOAL
Nome pessoal Blain, G.C.
245 1# - TÍTULO
Título Spatial variability of leaf wetness duration in a 'Niagara Rosada' vineyard
650 ## - ASSUNTO--TERMO TÓPICO
Cabeçalho tópico ou nome geográfico VITIS LABRUSCA
650 ## - ASSUNTO--TERMO TÓPICO
Cabeçalho tópico ou nome geográfico UVA
650 ## - ASSUNTO--TERMO TÓPICO
Cabeçalho tópico ou nome geográfico ORVALHO
650 ## - ASSUNTO--TERMO TÓPICO
Cabeçalho tópico ou nome geográfico PRECIPITAÇÃO PLUVIAL
773 0# - ENTRADA ANALÍTICA
Título Engenharia Agrícola (Brazil)
ISSN - International Standard Serial Number ISSN 0100-6916
Partes relacionadas (Jan-Mar 2008), v. 28(1) p. 104-114
Número de controle do registro BR2014000962
856 40 - LOCALIZAÇÃO ELETRÔNICA E ACESSO
Uniform Resource Identifier <a href="http://www.scielo.br/pdf/eagri/v28n1/a11v28n1.pdf">http://www.scielo.br/pdf/eagri/v28n1/a11v28n1.pdf</a>
909 ## -
-- 202311
-- Lúcia
-- 55
-- Lúcia Elande
942 ## - ELEMENTOS DE ENTRADA ADICIONADOS (KOHA)
Fonte da classificação ou esquema de arquivamento na estante Classificação AGRIS
Ocultar no OPAC Não
Tipo de material Koha Analítica
Exemplares
Situação do descarte Fonte da classificação ou esquema de arquivamento na estante Situação física Não pode ser emprestado Biblioteca de origem Biblioteca atual Localização na estante Enumeração do periódico / cronologia Total de empréstimos Data de último acesso Número do exemplar Tipo de material Koha Fonte de aquisição
  Classificação AGRIS   Consulta local Biblioteca Nacional de Agricultura - Binagri Biblioteca Nacional de Agricultura - Binagri   (Jan-Mar 2008), v. 28(1) p. 104-114   29/11/2023 01 Periódicos Portaria Interministerial nº 164/94

BINAGRI

Telefone: (61)3218-2567/2388/3357/2097 - binagri@agro.gov.br

Ministério da Agricultura e Pecuária , Esplanada dos Ministérios, Bloco D, Anexo B, Brasília/DF, CEP: 70.043-900